Statistiques concernant Quiz sur la France

Cliquez ici pour prendre le quiz!

Statistiques générales

  • Ce quiz a été pris 212 fois
  • Le résultat moyen est 5 sur 15

Statistiques - réponses

CatégorieIndiceRéponse% Correct
Quelle est la capitale de l'Autriche ?Vienne
72%
Villes françaises (top 50 en population)Quel mot peut-on accoler aux chiffres 33 et 45 pour obtenir le nom de disques vinyle ?Tours
69%
Chefs de gouvernementQuel artiste a formé un célèbre duo avec Art Garfunkel ?Simon (Jules/Paul)
58%
Villes françaises (top 50 en population)Sous quel autre nom sont connus les cervidés appelés caribous au Canada ?Rennes
57%
Quel moment de la journée, équivalent matinal du crépuscule, se situe entre la nuit et le matin ?Aube
52%
DépartementComment se nomme un ensemble d'articles, d'objets assortis, de marchandises vendues ensemble ?Lot
47%
Quel terme désigne le petit de tout oiseau, en particulier celui de la poule ?Poussin (Nicolas)
45%
Villes françaises (top 50 en population)Comment dit-on "colères" en anglais ?Angers
31%
Quel chanteur d'origine rwandaise est né le 24 mars 1977 à Fribourg-en-Brisgau, en Allemagne, avant d'émigrer au Canada ?Corneille (Pierre)
15%
Villes françaises (top 50 en population)Quel apôtre, né à Tarse, est connu pour sa correspondance épistolaire, par exemple ses épîtres aux Romains, Corinthiens et Éphésiens ?Saint-Paul
15%
Villes françaises (top 50 en population)Comment dit-on "tombent" en espagnol ?Caen
14%
Quelle sculpture de Michel-Ange, de 5,17m de hauteur, peut-pon voir depuis 1873 à la Galleria dell'Accademia de Florence ?David (Jacques-Louis)
14%
Quelle ville voisine de Montréal est la 3e ville du Québec en population?Laval (Pierre)
14%
Personnes célèbresQuel rayonnement électromagnétique est généralement considéré comme étant constitué de photons ?Lumière (Louis et Auguste)
11%
En mathématiques, comment se nomme la solution d'une équation polynomiale (une valeur de x pour laquelle P(x) vaut zéro) ?Racine (Jean)
9%

Distribution des résultats

Percentile par nombre de réponses

% des personnes avec chaque résultat

Votre développement - résultats

Vous n’avez pas pris ce quiz